El árbol enfermo : novela /

Պահպանված է:
Մատենագիտական մանրամասներ
Հիմնական հեղինակ: Gagini Chavarría, Carlos, 1865-1925
Ձևաչափ: Գիրք
Լեզու:Spanish
Հրապարակվել է: San José, Costa Rica : Editorial Costa Rica 1979
Հրատարակություն:10. edición
Խորագրեր:
Ցուցիչներ: Ավելացրեք ցուցիչ
Չկան պիտակներ, Եղեք առաջինը, ով նշում է այս գրառումը!

MARC

LEADER 00000nam a22000007a 4500
007 ta
008 131030s1979 cr |||||r|||| 00| f spa d
020 |a 99789968958783 
040 |a cru CIICLA Universidad de Costa Rica 
082 |a CR863.4  |b G134a10  
100 |a Gagini Chavarría, Carlos,   |d 1865-1925 
245 1 3 |a El árbol enfermo   |b : novela /  |c Carlos Gagini 
250 |a 10. edición 
260 |a San José, Costa Rica :  |b Editorial Costa Rica  |c 1979 
300 |a 130 páginas 
650 |2 LEMB  |9 13  |a LITERATURA COSTARRICENSE  |x NOVELA 
942 |2 ddc  |c BK 
999 |c 3639  |d 3639